Principes directeurs de l'OCDE a l'intention des entreprises multinationales <la> responsabilité des entreprises

Gespeichert in:
Bibliographische Detailangaben
Format: Buch
Sprache:Französisch
Veröffentlicht: Paris OECD 2002
Schlagworte:
Tags: Tag hinzufügen
Keine Tags, Fügen Sie das erste Tag hinzu!

MARC

LEADER 00000nam a2200000 4500
001 c141853
005 20221124092722.2
020 |a 92-64-29682-4 
041 0 |a fre 
044 |a FR 
245 1 0 |a Principes directeurs de l'OCDE a l'intention des entreprises multinationales  |b <la> responsabilité des entreprises 
264 1 |a Paris  |b OECD  |c 2002 
300 |a 159 s. 
610 2 0 |a podnik multinacionálny 
610 2 0 |a podnikanie medzinárodné